000 00976 a2200229 4500
001 41221
005 20260407155706.0
008 260407a2004 arg spa d
003 AR-UNSa-BCEJYS
040 _aAR-UNSa-BCEJYS
_bspa
_cAR-UNSa-BCEJYS
080 _a343.53
_xFraudes en el comercio y en la industria (Derecho Penal Económico)
245 1 0 _aCuestiones actuales del derecho penal económico
020 _a950-894-439-0
264 1 _aBuenos Aires :
_bAD-HOC
_c2004
300 _a183 p.
_c23 cm.
505 _a1. Cuestiones de parte general - 2. Cuestiones de parte especial. Problemas actuales con relación a algunos delitos en particular - 3. Aspectos orgánicos y derechos fundamentales procesales: ¿relativización de las garantías?
041 _aspa
942 _cBK
590 _aniveau_biblio:m niveau_hierar:0
100 1 _aJaén Vallejo, Manuel
856 4 1 _uhttps://biblioeco.unsa.edu.ar/pmb/images/libros/L126449.jpg
_yImagen de portada
_qimage/jpeg
999 _c3434
_d3434